| 000 | 01970cam a22004814i 4500 | ||
|---|---|---|---|
| 003 | PE-LiUPU | ||
| 005 | 20250731184529.0 | ||
| 008 | 150623s1992 xxka rb 000 0 eng d | ||
| 020 | _a014012523X | ||
| 020 | _a9780140125238 | ||
| 035 | _a(Sirsi) i9780140125238 | ||
| 040 |
_aPE-LiUPU _bspa _cPE-LiUPU _erda |
||
| 049 | _aPRUA | ||
| 082 | 0 | 4 |
_a935 _bR86 _221 |
| 100 | 1 |
_aRoux, Georges, _d1914-, _eautor. |
|
| 245 | 1 | 0 |
_aAncient Iraq / _cGeorges Roux. |
| 264 | 1 |
_aHarmondsworth : _bPenguin Books, _c1992. |
|
| 300 |
_a546 páginas : _bilustraciones láms ; _c20 centímetros. |
||
| 336 |
_atext _2rdacontent |
||
| 337 |
_aunmediated _2rdamedia |
||
| 338 |
_avolume _2rdacarrier |
||
| 490 | 1 | _aPenguin history | |
| 504 | _aBibliografía: páginas 433-498. | ||
| 505 | 0 | _aThe geographical setting -- In search of the past -- From cave to farm -- From village to city -- Birth of a civilization -- The Gods of sumer -- An age of Heroes -- The early dynastic period -- The Akkadians -- The great kingdom of ur -- The amorites -- Hammurabi -- In the days oif Hammurabi -- New peoples -- The Kassites -- Kassites, Assyrians and the oriental powers -- The time of confusion -- The rise of Assyria -- The Assyrian empire -- The house of sargon -- The glory of Assyria -- The scribes of nineveh -- The Chaldean kings -- The splendour of Babylon -- Death of a civilization. | |
| 526 | _aP136 | ||
| 526 | _aP135 | ||
| 526 | _aP134 | ||
| 526 | _aP133 | ||
| 526 | _aP144 | ||
| 526 | _aP143 | ||
| 526 | _aP87 | ||
| 526 | _aP35 | ||
| 526 | _aP20 | ||
| 526 | _aP14 | ||
| 526 | _aP10 | ||
| 526 | _aP06 | ||
| 650 | 1 | 4 |
_aIrak _xHistoria _y634. |
| 942 |
_2ddc _cBOOK |
||
| 994 |
_aC0 _bPEPRU |
||
| 596 | _a1 | ||
| 999 |
_a935 R86 _wDEWEY _c21739 _i44864 _f2021-11-12 _g5 _lCCODEBUL1 _mBUL _p24.00 _r0 _sY _tBOOK _u2015-6-24 _xTEOLOGIA _PP35 _0COMPRA _o.STAFF. Colección Teología _d21739 |
||
| 980 |
_81 _gALBERTO SANCHEZ Responsable de Automatización |
||